000 00359nam a2200145Ia 4500
008 240624s9999 xx 000 0 und d
041 _aeng
082 _a340 ROO
100 _aSAMADDAR RANABIR
245 _aSTATE OF JUSTICE IN INDIA ISSUES OF SOCI
260 _c2009
_aNew Delhi
_bSage India
300 _a191 : p. : cm. ; 22
365 _cRS
440 _v4
999 _c21706
_d21706